000
00291nam a22001337a 4500
008
190306b xxu||||| |||| 00| 0 eng d
020
_a
9780321576576
041
_a
eng
080
_a
615.83
100
_a
8
101
_a
EGZ
245
_a
Get fit, stay well!
_c
Hopson,J.L
942
_2
udc
_c
BK
999
_c
54608
_d
54608